LEADER 01156nam0 2200349 450 001 000000422 005 20050630115100.0 010 $a88-204-1103-2 100 $a--------d1987----km-y0itay50------ba 101 1 $aita 102 $aIT 200 1 $aIntroduzione alla geografia economica$fJ.H. Paterson 205 $aNuova ed.$friveduta e aggiornata da Berardo Cori e Romano Gasperoni 210 $aMilano$cFranco Angeli$d1987 215 $a320 p.$cill.$d22 cm 225 2 $aGeografia e società$v1 304 $aTit. orig.: Land, work and resources. An introduction to economic geography 305 $a8. edizione 410 0$12001$aGeografia e società 610 1 $aGeografia economica 676 $a330.9 700 1$aPaterson,$bJohn Harris$0445667 702 1$aCori,$bBerardo 702 1$aGasperoni,$bRomano 801 0$aIT $bUNIPARTHENOPE $gRICA $2UNIMARC 912 $a000000422 951 $cNAVA1$a330-I/14$b27289$d20000119 951 $cNAVA1$a330-I/15$b27286$d20000119 951 $cNAVA1$a330-I/16$b27287$d20000119 951 $cNAVA1$a330-I/17$b27288$d20000119 996 $aLand, work and resources$942441 997 $aUNIPARTHENOPE